Los paradigmas de la inflación en América Latina /

Los procesos inflacionarios en América Latina, se han dado desde mediados del siglo XIX, pero a partir de la segunda postguerra, han sido procesos más agudos y superiores en magnitud a los experimentados en las economías centrales. La crisis se empieza a dar durante la década de los 70, donde se ace...

Descrizione completa

Salvato in:
Dettagli Bibliografici
Autore principale: Samillán, César
Natura: testo
Soggetti:
Tags: Aggiungi Tag
Nessun Tag, puoi essere il primo ad aggiungerne!!

MARC

LEADER 00000 a a2200000 04500
001 2180
003
040
100 |a Samillán, César  
245 |a Los paradigmas de la inflación en América Latina /  |c César Samillán 
520 |a Los procesos inflacionarios en América Latina, se han dado desde mediados del siglo XIX, pero a partir de la segunda postguerra, han sido procesos más agudos y superiores en magnitud a los experimentados en las economías centrales. La crisis se empieza a dar durante la década de los 70, donde se acentúan las desigualdades sociales en el continente. SM/EL  
650 |a INFLACION  
650 |a POLITICA ECONOMICA  
650 |a FMI  
650 |a DEUDA EXTERNA  
650 |a CAPITALISMO  
650 |a RECESION ECONOMICA  
773 |g número 8; páginas 18-25  
999 |c 38605  |d 38605